[Event "Malaysia Masters"]
[Site "Ampang"]
[Date "2025.06.22"]
[Round "8"]
[White "Chong, Jin Cheng"]
[Black "Genkeswaran, Genivan"]
[Result "0-1"]
[WhiteElo "2117"]
[BlackElo "2124"]
[PlyCount "84"]
[EventDate "2025.06.18"]
[EventType "tourn"]
[EventRounds "9"]
[EventCountry "MAS"]
[SourceTitle "CB26_2025"]
[SourceDate "2025.06.25"]
[SourceVersion "1"]
[SourceVersionDate "2025.06.25"]
[SourceQuality "1"]

1. e4 e6 2. d4 d5 3. Nc3 Nf6 4. e5 Nfd7 5. f4 c5 6. Nf3 Nc6 7. Be3 a6 8. Be2 b5 9. 0-0 Qb6 10. a4 b4 11. a5 Qc7 12. Na4 c4 13. f5 exf5 14. Ng5 h6 15. Nxf7 Kxf7 16. Bh5+ Kg8 17. e6 Nde5 18. Nb6 Rb8 19. Nxd5 Qd6 20. dxe5 Nxe5 21. Nf4 g5 22. Bf7+ Nxf7 23. exf7+ Kh7 24. Nd5 Be6 25. Nf6+ Kg6 26. Qh5+ Kxf6 27. Rad1 Qe5 28. Bxg5+ hxg5 29. Qxh8+ Bg7 30. Qe8 Qc5+ 31. Kh1 Qc8 32. Qa4 Kxf7 33. Rfe1 Qc7 34. Re2 Rd8 35. Rxd8 Qxd8 36. Qxb4 c3 37. Qb7+ Kg8 38. Re1 Qd2 39. Rf1 Bd5 40. Qc8+ Bf8 41. Rg1 cxb2 42. Qxf5 Qxg2+ 0-1

[Event "Malaysia Masters"]
[Site "Ampang"]
[Date "2025.06.19"]
[Round "2"]
[White "Chong, Jin Cheng"]
[Black "Lye, Lik Zang"]
[Result "0-1"]
[WhiteElo "2117"]
[BlackElo "2264"]
[PlyCount "100"]
[EventDate "2025.06.18"]
[EventType "tourn"]
[EventRounds "9"]
[EventCountry "MAS"]
[SourceTitle "CB26_2025"]
[SourceDate "2025.06.25"]
[SourceVersion "1"]
[SourceVersionDate "2025.06.25"]
[SourceQuality "1"]

1. e4 c6 2. d4 d5 3. Nc3 dxe4 4. Nxe4 Bf5 5. Ng3 Bg6 6. N1e2 Nf6 7. h4 h6 8. Nf4 Bh7 9. Bc4 e6 10. c3 Bd6 11. Ngh5 0-0 12. g4 Bxf4 13. Nxf4 e5 14. Ne2 Nxg4 15. f3 Nf6 16. dxe5 Qxd1+ 17. Kxd1 Nh5 18. Ke1 Nd7 19. f4 b5 20. Bb3 Nc5 21. Kf2 Rad8 22. Nd4 Nd3+ 23. Kf3 c5 24. Nxb5 Nxc1 25. Raxc1 Rd3+ 26. Kf2 Be4 27. Rh2 Nxf4 28. Re1 Rf3+ 29. Kg1 Bc6 30. Nxa7 Bd7 31. a4 Rb8 32. Rd1 Bg4 33. Nb5 Rg3+ 34. Kf2 Bxd1 35. Kxg3 Nh5+ 36. Kf2 Bxb3 37. Nd6 Bxa4 38. Ke3 Bb3 39. c4 Rb4 40. Kd3 Nf4+ 41. Kc3 Bd1 42. Rh1 Rb3+ 43. Kd2 Rxb2+ 44. Ke3 Ng2+ 45. Kd3 Bf3 46. Ra1 Rb3+ 47. Kc2 Re3 48. Ra7 Rxe5 49. Nxf7 Re4 50. Nd6 Rd4 0-1

[Event "Penang Heritage op 16th"]
[Site "Penang"]
[Date "2024.12.26"]
[Round "6"]
[White "Chong, Jin Cheng"]
[Black "Mirano, Jan Francis"]
[Result "0-1"]
[WhiteElo "2002"]
[BlackElo "2128"]
[PlyCount "68"]
[EventDate "2024.12.23"]
[EventType "swiss"]
[EventRounds "9"]
[EventCountry "MAS"]
[SourceTitle "CB14_2025"]
[SourceDate "2024.11.01"]
[SourceVersion "1"]
[SourceVersionDate "2024.11.01"]
[SourceQuality "1"]

1. e4 e6 2. d4 d5 3. Nc3 Nf6 4. e5 Nfd7 5. f4 c5 6. Nf3 Nc6 7. Be3 a6 8. Be2 b5 9. 0-0 Qb6 10. a4 b4 11. a5 Qc7 12. Na4 Nxa5 13. f5 cxd4 14. fxe6 fxe6 15. Nxd4 Nxe5 16. Bg4 Nac4 17. Bf4 Qa7 18. Bxe5 Nxe5 19. Re1 Bd6 20. Bxe6 Bxe6 21. Rxe5 Bxe5 22. Qh5+ Bf7 23. Qxe5+ Qe7 24. Qxg7 Qe3+ 25. Kh1 Rg8 26. Qf6 Rg6 27. Qh4 Rh6 28. Qg4 Qe4 29. Qxe4+ dxe4 30. Re1 0-0-0 31. Rxe4 Bg6 32. Rf4 Bxc2 33. Nc5 Rhd6 34. Nce6 Rxe6 0-1

[Event "Subang Jaya op 12th"]
[Site "Subang Jaya"]
[Date "2024.01.28"]
[Round "5"]
[White "Chong, Jin Cheng"]
[Black "Kok, Jun Yi"]
[Result "1-0"]
[WhiteElo "1706"]
[BlackElo "1350"]
[PlyCount "94"]
[EventDate "2024.01.27"]
[EventType "swiss"]
[EventRounds "8"]
[EventCountry "MAS"]
[SourceTitle "CBM 218 Extra"]
[Source "ChessBase"]
[SourceDate "2024.03.31"]
[SourceVersion "1"]
[SourceVersionDate "2024.03.31"]
[SourceQuality "1"]

1. e4 e6 2. d4 d5 3. Nd2 Nf6 4. e5 Nfd7 5. Bd3 c5 6. c3 Nc6 7. Ne2 Be7 8. Nf3 b6 9. h4 Bb7 10. h5 h6 11. Rh3 Rc8 12. a3 Bf8 13. g4 Qe7 14. g5 Kd8 15. g6 f6 16. exf6 Nxf6 17. Kf1 Qd7 18. Kg2 Bd6 19. Bf4 Kc7 20. Bb5 Bxf4 21. Nxf4 Qd6 22. Nd3 Nd7 23. Bxc6 Bxc6 24. Nde5 Nxe5 25. Nxe5 Rhf8 26. Rf3 Rxf3 27. Qxf3 Rf8 28. Nf7 Qe7 29. Qg3+ Kb7 30. Qe5 Be8 31. Nd6+ Ka8 32. Re1 Qh4 33. f3 Bd7 34. Nf7 Rc8 35. Rh1 Qe7 36. Re1 Qh4 37. dxc5 bxc5 38. Rh1 Qa4 39. Qxg7 Rb8 40. b4 cxb4 41. axb4 Qc2+ 42. Kg3 d4 43. Qxd4 Bc6 44. Ra1 Rb7 45. Qd8+ Rb8 46. Rxa7+ Kxa7 47. Qa5+ Kb7 1-0

[Event "Subang Jaya op 12th"]
[Site "Subang Jaya"]
[Date "2024.01.27"]
[Round "3"]
[White "Chong, Jin Cheng"]
[Black "Prushotman, Vissnupriya"]
[Result "1-0"]
[WhiteElo "1706"]
[BlackElo "1167"]
[PlyCount "49"]
[EventDate "2024.01.27"]
[EventType "swiss"]
[EventRounds "8"]
[EventCountry "MAS"]
[SourceTitle "CBM 218 Extra"]
[Source "ChessBase"]
[SourceDate "2024.03.31"]
[SourceVersion "1"]
[SourceVersionDate "2024.03.31"]
[SourceQuality "1"]

1. e4 e5 2. Nf3 d6 3. d4 Nd7 4. Bc4 Be7 5. dxe5 Nxe5 6. Nxe5 dxe5 7. Qh5 g6 8. Qxe5 f6 9. Qb5+ Kf8 10. Qb3 Kg7 11. 0-0 Bd6 12. Nc3 Ne7 13. Be3 c6 14. Rad1 Qc7 15. f4 b5 16. Be6 Qb8 17. e5 Bc7 18. exf6+ Kf8 19. fxe7+ Kxe7 20. Bc5+ Kf6 21. Ne4+ Kg7 22. Bd4+ Kf8 23. Bxh8 Bb6+ 24. Kh1 Bc7 25. Qb4+ 1-0

[Event "Subang Jaya op 12th"]
[Site "Subang Jaya"]
[Date "2024.01.27"]
[Round "2"]
[White "Tamilarusu, Jeya Suriya"]
[Black "Chong, Jin Cheng"]
[Result "1-0"]
[WhiteElo "1344"]
[BlackElo "1706"]
[PlyCount "119"]
[EventDate "2024.01.27"]
[EventType "swiss"]
[EventRounds "8"]
[EventCountry "MAS"]
[SourceTitle "CBM 218 Extra"]
[Source "ChessBase"]
[SourceDate "2024.03.31"]
[SourceVersion "1"]
[SourceVersionDate "2024.03.31"]
[SourceQuality "1"]

1. d4 Nf6 2. c4 g6 3. Nc3 Bg7 4. Nf3 0-0 5. Bg5 d6 6. e3 Nbd7 7. Be2 c6 8. 0-0 h6 9. Bh4 g5 10. Bg3 Nh5 11. Qc2 Nxg3 12. hxg3 e5 13. Rad1 Qe7 14. dxe5 Nxe5 15. Nxe5 dxe5 16. e4 Be6 17. a3 Rfd8 18. Rxd8+ Rxd8 19. Rd1 Rd4 20. Rxd4 exd4 21. Nb1 Qd7 22. Nd2 Kf8 23. c5 d3 24. Bxd3 Bxb2 25. Qxb2 Qxd3 26. Nf3 g4 27. Nh4 Qb5 28. Qf6 Qb1+ 29. Kh2 Qxe4 30. Qxh6+ Ke7 31. Qd2 Qd5 32. Qb4 Bc8 33. Qa5 a6 34. Qc7+ Bd7 35. Qxb7 a5 36. Qa7 a4 37. Qxa4 Qxc5 38. Qe4+ Kd8 39. a4 Qxf2 40. Qe5 Kc8 41. Qa5 Qd4 42. Qa8+ Kc7 43. a5 Bc8 44. Kh1 Qe3 45. Kh2 Qf2 46. Kh1 Qxg3 47. Qa7+ Kd8 48. Qd4+ Bd7 49. Nf5 Qe1+ 50. Kh2 Qxa5 51. Qf6+ Kc8 52. Nd6+ Kc7 53. Nxf7 Qa3 54. Qd8+ Kb7 55. Qxd7+ Kb6 56. Qd4+ Kc7 57. Qd8+ Kb7 58. Nd6+ Ka7 59. Qc7+ Ka6 60. Qxc6+ 1-0

[Event "Penang op-B 15th"]
[Site "Penang"]
[Date "2023.12.21"]
[Round "7"]
[White "Roy, Marpaung"]
[Black "Chong, Jin Cheng"]
[Result "1/2-1/2"]
[WhiteElo "1908"]
[BlackElo "1724"]
[PlyCount "37"]
[EventDate "2023.12.18"]
[EventType "swiss"]
[EventRounds "9"]
[EventCountry "MAS"]
[SourceTitle "EXT 2025"]
[Source "ChessBase"]
[SourceDate "2024.10.14"]
[SourceVersion "1"]
[SourceVersionDate "2024.10.14"]
[SourceQuality "1"]

1. e4 c5 2. Nf3 g6 3. d4 cxd4 4. Nxd4 Bg7 5. c4 Nc6 6. Be3 Nf6 7. Nc3 0-0 8. Be2 d6 9. 0-0 Bd7 10. Qd2 Nxd4 11. Bxd4 Bc6 12. f3 Nd7 13. Be3 a5 14. b3 Nc5 15. Rfd1 Be5 16. Rac1 e6 17. Bd4 Qe7 18. Qe3 Rad8 19. Bxe5 1/2-1/2

[Event "Penang op-B 15th"]
[Site "Penang"]
[Date "2023.12.20"]
[Round "5"]
[White "Taufik, Defasya M Eda"]
[Black "Chong, Jin Cheng"]
[Result "1/2-1/2"]
[WhiteElo "1770"]
[BlackElo "1724"]
[PlyCount "88"]
[EventDate "2023.12.18"]
[EventType "swiss"]
[EventRounds "9"]
[EventCountry "MAS"]
[SourceTitle "EXT 2025"]
[Source "ChessBase"]
[SourceDate "2024.10.14"]
[SourceVersion "1"]
[SourceVersionDate "2024.10.14"]
[SourceQuality "1"]

1. e4 c5 2. Nf3 g6 3. d4 cxd4 4. Nxd4 Bg7 5. c4 Nc6 6. Be3 Nf6 7. Nc3 0-0 8. Be2 d6 9. Qd2 Bd7 10. 0-0 Nxd4 11. Bxd4 Bc6 12. f3 Nd7 13. Rfd1 Bxd4+ 14. Qxd4 Qb6 15. Qxb6 Nxb6 16. Rac1 Rac8 17. b3 Kg7 18. Kf2 h5 19. g3 Nd7 20. Ke3 h4 21. f4 hxg3 22. hxg3 a5 23. Bf3 Nc5 24. g4 g5 25. Ne2 gxf4+ 26. Nxf4 Rg8 27. Nd3 Nxd3 28. Kxd3 Kf6 29. Ke3 b6 30. Rh1 Rg6 31. Rh7 Bd7 32. Rf1 Ke6 33. e5 dxe5 34. Be4 Rxg4 35. Bf5+ Kd6 36. Bxg4 Bxg4 37. Rfxf7 Rc7 38. Rh6+ Kc5 39. a3 Bd1 40. Re6 Bxb3 41. Rexe7 Rxe7 42. Rxe7 Kxc4 43. Rxe5 Kc3 44. Rb5 Kb2 1/2-1/2

[Event "Penang op-B 15th"]
[Site "Penang"]
[Date "2023.12.19"]
[Round "4"]
[White "Chong, Jin Cheng"]
[Black "Arman, Afeef Mikhail"]
[Result "1-0"]
[WhiteElo "1724"]
[BlackElo "1246"]
[PlyCount "67"]
[EventDate "2023.12.18"]
[EventType "swiss"]
[EventRounds "9"]
[EventCountry "MAS"]
[SourceTitle "EXT 2025"]
[Source "ChessBase"]
[SourceDate "2024.10.14"]
[SourceVersion "1"]
[SourceVersionDate "2024.10.14"]
[SourceQuality "1"]

1. e4 d6 2. d4 Nf6 3. Nc3 Nbd7 4. Nf3 e5 5. Rg1 h5 6. h3 exd4 7. Nxd4 Nc5 8. Qe2 Qe7 9. f3 h4 10. Be3 c6 11. 0-0-0 Nh5 12. Qd2 g6 13. Bc4 Bd7 14. Rge1 0-0-0 15. Kb1 Bg7 16. Nb3 Be6 17. Bxe6+ Qxe6 18. Bd4 Nxb3 19. axb3 Bxd4 20. Qxd4 Kb8 21. e5 dxe5 22. Qxh4 Nf6 23. Rxd8+ Rxd8 24. Ne4 Rd6 25. Nxd6 Qxd6 26. Qg5 e4 27. fxe4 Ne8 28. e5 Qd7 29. e6 fxe6 30. Qxg6 Ng7 31. Rf1 Nf5 32. g4 Ne7 33. Qg7 Kc7 34. Rf7 1-0

[Event "Penang op-B 15th"]
[Site "Penang"]
[Date "2023.12.19"]
[Round "3"]
[White "Siva Kumar, Rishikesh Kumar"]
[Black "Chong, Jin Cheng"]
[Result "1/2-1/2"]
[WhiteElo "1329"]
[BlackElo "1724"]
[PlyCount "70"]
[EventDate "2023.12.18"]
[EventType "swiss"]
[EventRounds "9"]
[EventCountry "MAS"]
[SourceTitle "EXT 2025"]
[Source "ChessBase"]
[SourceDate "2024.10.14"]
[SourceVersion "1"]
[SourceVersionDate "2024.10.14"]
[SourceQuality "1"]

1. Nf3 Nf6 2. d4 g6 3. g3 Bg7 4. Bg2 0-0 5. 0-0 d6 6. c4 Nc6 7. Nc3 Bg4 8. d5 Na5 9. Qa4 c5 10. Bd2 a6 11. Nd1 b6 12. Bxa5 bxa5 13. Ne3 Bd7 14. Qc2 a4 15. Rab1 Qa5 16. Qd2 Qxd2 17. Nxd2 h5 18. h4 Rfb8 19. b3 a5 20. bxa4 Rb4 21. a3 Rbb8 22. Ne4 Nxe4 23. Bxe4 Bxa4 24. Bc2 Bxc2 25. Nxc2 a4 26. Rb5 Rxb5 27. cxb5 e6 28. e4 Bc3 29. Ne3 Kf8 30. Nc4 Ke7 31. Rc1 Bd4 32. Rb1 Bc3 33. Rc1 Bd4 34. Rb1 Bc3 35. Rc1 Bd4 1/2-1/2